000 00209 a2200109 4500
020 _a9682431034
041 _aspa
100 _aGloria Calderas
245 _aMunecas y mas Munecas
942 _cBK
952 _74
999 _c16948
_d16948